Les catcheurs non états-uniens de l'AEW - Statistiques

Statistiques générales
  • Ce quiz a été pris 9 fois
    2 depuis la dernière actualisation
  • Le résultat moyen est 17 sur 51
Statistiques - réponses
Pays Genre Catcheur % Correct
Australie Homme Kyle Fletcher
100%
Angleterre Homme Will Ospreay
100%
Canada Homme Adam Copeland
50%
Angleterre Femme Alex Windsor
50%
Mexique Homme Andrade El Idolo
50%
Mexique Homme Bandido
50%
Canada Homme Christian Cage
50%
Suisse Homme Claudio Castagnoli
50%
Mexique Homme El Clon
50%
Japon Femme Hikaru Shida
50%
Mexique Homme Hologram
50%
Angleterre Femme Jamie Hayter
50%
Japon Homme Kazuchika Okada
50%
Canada/Japon Homme Kenny Omega
50%
Mexique Homme Komander
50%
Japon Homme Konosuke Takeshita
50%
Japon Homme Kota Ibushi
50%
Arabie Saoudite Homme Mansoor
50%
Moldavie Femme Marina Shafir
50%
Australie Homme Mark Davis
50%
Mexique Homme Mascara Dorada
50%
Japon Femme Mina Shirakawa
50%
Angleterre Homme Pac
50%
Guinée Femme Queen Aminata
50%
Japon Femme Riho
50%
Mexique Homme Rush
50%
Mexique Homme The Beast Mortos
50%
Autriche Femme Thekla
50%
Mexique Femme Thunder Rosa
50%
Japon Homme Tomohiro Ishii
50%
Nouvelle-Zélande/Australie Femme Toni Storm
50%
Japon Femme Yuka Sakazaki
50%
Afrique du Sud Homme Angelico
0%
Canada Homme Angelo Parker
0%
Australie Homme Buddy Matthews
0%
Mexique Homme Dralistico
0%
Japon Femme Emi Sakura
0%
Canada Homme Evil Uno
0%
Angleterre Homme Gabe Kidd
0%
Australie Femme Harley Cameron
0%
Mexique Homme Hechicero
0%
Angleterre Homme James Drake
0%
Nouvelle-Zélande Homme Jay White
0%
Canada Homme Josh Alexander
0%
Japon Homme Katsuyori Shibata
0%
Angleterre Homme Kip Sabian
0%
Canada Homme Kyle O'Reilly
0%
Canada Homme Mike Bailey
0%
Porto Rico Homme Serpentico
0%
Canada Femme Taya Valkyrie
0%
Angleterre Homme Zack Gibson
0%
Aucun quiz correspondant
Distribution des résultats
% des personnes avec chaque résultat
Percentile par nombre de réponses
Votre historique - résultats
Vous n’avez pas pris ce quiz depuis la dernière actualisation